From Which Countries are These Eurovision Songs? #4 - Statistics

General Stats
  • This quiz has been taken 23 times
  • The average score is 18 of 24
Answer Stats
Hint Extra Hint Answer % Correct
Poupée De Cire, Poupée De Son Luxemburg
93%
Zjerm Albania
86%
Duje Albania
86%
I Love Belarus Belarus
86%
Espresso Macchiato Estonia
86%
Toy Israel
86%
La Poupée Monte Le Son Luxemburg
86%
SloMo Spain
86%
Zorra Spain
86%
Fuego Cyprus
79%
Nous Les Amoureux Luxemburg
79%
Veronika Slovenia
79%
El Diablo Cyprus
71%
Diva Israel
71%
Home Israel
71%
Carpe Diem Slovenia
71%
Work Your Magic Belarus
64%
Shh Cyprus
64%
Rockefeller Street Estonia
64%
Suus Albania
57%
La Forza Estonia
57%
How Much Time Do We Have Left Slovenia
57%
La, La, La Spain
57%
Story of My Life Belarus
50%
No matching quizzes found
Score Distribution
Percent of People with Each Score
Percentile by Number Answered
Your Score History
You have not taken this quiz